1489 1280 1178 1569 1544 1296 1966 1346 1546 1649 1143 1116 1980 1842 1737 1011 1439 1324 1797 1381 1914 1510 1817 1124 1383 1086 1609 1903 1357 1672 1726 1320 1976 1783 1538 1112 1842 1331 1477 1021 1229 1388 1310 1427 1035 1762 1783 1926 1727 1530 1874 1718 1263 1374 1505 1601 1504 1573 1279 1482 1099 1075 1325 1640 1711 1317 1812 1300 1083 1816 1070 1324 1406 1388 1897 1000 1114 1879 1077 1491 1688 1372 1844 1575 1346 1516 1808 1991 1737 1900 1249 1630 1976 1803 1027 1842 1102 1215 1886 BCNSPRNW ULIB Ver.6.0+V

เปลี่ยนเป็นภาษาไทย

Change to English
 แสดงรายละเอียดบรรณานุกรม
  กลับหน้าหลัก

Brief Record : Get Marc (ISO 2709) : E-mail record : QR code < ปิดหน้าต่าง
LEADER : 00000nam 2200000uu 4500
001    13399111294
003     ULIB
008    110622s2548||||th 000 0 tha d
020    9746444867
060 04 WY20.5^bพ874ห 2548
100 0  เพชรน้อย สิงห์ช่างชัย
245 10 หลักการและการใช้สถิติการวิเคราะห์ตัวแปรหลายตัวสำหรับการวิจัยทางการพยาบาล =^bPrinciples and using multivariate statistics analysis for nursing research /^cเพชรน้อย สิงห์ช่างชัย
246 31 Principles and using multivariate statistics analysis fornursing research
250    พิมพ์ครั้งที่ 2
260    สงขลา :^bชานเมืองการพิมพ์,^c2548
300    ก-ณ, 301 หน้า :^bภาพประกอบ ;^c26 ซม.
650  7 การพยาบาล^xวิจัย
650  7 สถิติศาสตร์
650  7 การวิเคราะห์ตัวแปรพหุ
945    ^p350^l0^i018262
945    ^p300^l0^i24258
945    ^p350^l0^i018263
945    ^p300^l0^i24259
995     เกษร
999 ^a ใช้งานได้ทุกระบบ
รายการนี้ยังไม่มีแท็ก
คุณยังไม่ได้ล็อกอิน คุณสามารถมีกิจกรรมร่วมกับเว็บไซต์ได้ แต่ต้องล็อกอินก่อน ::
  ล็อกอิน

รายการสื่อสารสนเทศ

ลำดับที่ ประเภท เลขเรียก/บาร์โค้ด สถานที่ สถานะ
1. วิทยาศาสตร์การแพทย์ และสุขภาพ
วิทยาศาสตร์การแพทย์ และสุขภาพ
WY20.5 พ874ห 2548 ฉ.2 
  Barcode: 24259
ห้องสมุดวิทยาเขตสวรรค์ประชารักษ์
►ส่วนจัดเก็บหนังสือเก่า สปร
บนชั้น
  ขอยืม

รายการใกล้เคียง
    ผู้แต่ง [เพชรน้อย สิงห์ช่างชัย]

    หัวเรื่อง [สถิติศาสตร์]
    หัวเรื่อง [การวิเคราะห์ตัวแปรพหุ]

BibComment


ยังไม่เคยถูกคอมเมนท์

คอมเมนท์ทรัพยากรรายการนี้
  คอมเมนท์: หลักการและการใช้ส..


 Copyright 2026. Bcnsprnw @Library